000 01039nam2a2200229 4500
001 rc\2871260
005 20260315051648.0
035 _a(NLR Aleph) 007024613
090 _a13582455
_c13582455
100 _a20110714d1930 u y0rusy50 ca
101 0 _arus
102 _aRU
105 _ay z |||||
200 1 _aОт кружка юннатов к детскому колхозу
210 _d1930
461 0 _1001rc\2871257
_12001#$aˆ[‰Издания]$e№ 3-$fЯросл. бюро юных натуралистов при Соцвосе Окроно$v№ 5
_95942543
_aЯрославское окружное бюро юных натуралистов
_cРостов-Ярославский
_d1929-1930
_fЯросл. бюро юных натуралистов при Соцвосе Окроно
_nЯросл. бюро натуралистов
_o№ 3-
_tˆ[‰Издания]
_v№ 5
700 1 _aЛермонтов
_bБ.
801 0 _aRU
_bNLR
_gpsbo
801 1 _aRU
_bELAR
_2rusmarc
852 _aNLR
_j30-15/100
942 _cUNSPEC
980 _aNB